[Event "Candidates qf4"]
[Site "Brussels"]
[Date "1991.??.??"]
[Round "4"]
[White "Karpov, Anatoly"]
[Black "Anand, Viswanathan"]
[Result "1-0"]
[WhiteElo "2730"]
[BlackElo "2650"]
[Annotator "Ftacnik,L"]
[PlyCount "85"]
[EventDate "1991.08.??"]
[EventType "match"]
[EventRounds "8"]
[EventCountry "BEL"]
[SourceTitle "Candidates"]
[Source "ChessBase"]
[SourceDate "1999.07.01"]
[SourceVersion "2"]
[SourceVersionDate "1999.07.01"]
[SourceQuality "1"]

1. d4 d5 2. c4 c6 3. Nf3 Nf6 4. Nc3 e6 5. e3 Nbd7 6. Qc2 Bd6 7. Be2 O-O 8. O-O
dxc4 9. Bxc4 Qe7 10. h3 a6 11. e4 e5 12. Rd1 b5 13. Bf1 c5 14. d5 c4 15. a4 Rb8
(15... b4 16. Ne2 Nc5 17. Ng3 c3 18. bxc3 b3 19. Qb1 Rb8 $44) 16. axb5 axb5 17.
Ra5 $1 b4 18. Na4 $1 Qd8 19. Ra7 b3 $6 (19... c3 20. bxc3 b3 21. Qb1 (21. Qe2
Nc5 22. Nxc5 Bxc5 23. Ra1 Nxe4 24. Qxe4 b2 25. Bxb2 Rxb2 $132) 21... Nc5 22.
Nd2 Bd7 23. Nb2 $1 Ne8 24. Nbc4 f5 $13) 20. Qe2 (20. Qxc4 $2 Rb4) 20... Nc5 21.
Nxc5 Bxc5 22. Ra1 c3 23. Nxe5 (23. bxc3 b2 24. Bxb2 Nxe4 25. Qxe4 Rxb2 $132)
23... c2 24. Rd3 $1 Qe8 $2 (24... Bd7 $5 25. Nxd7 (25. Bg5 Bb5 26. Nc6 Ra8 27.
Nxd8 Rxa1 28. Nb7 Bd4 $13) 25... Nxd7 $1 26. e5 (26. Bf4 Qf6 27. Bxb8 Qxb2 $13)
26... Re8 27. e6 Nf6 $13) (24... Qb6 25. Nc4 Qb5 26. Nd2 Ba6 27. Qf3 $16) (
24... Re8 25. Nc6 Qb6 26. Nxb8 Nxe4 $2 27. Be3 $18) 25. Nc6 Rb6 26. Be3 Nxe4 (
26... Bxe3 27. Qxe3 $18) 27. Bxc5 Nxc5 28. Re3 $1 (28. Ne7+ Kh8 29. Rc3 Ba6 30.
Qe3 Na4 $13) 28... Qd7 29. Qc4 Rxc6 (29... Qd6 30. Rc3 Rxc6 31. dxc6 Qd1 32.
Rxd1 cxd1=Q 33. Qxc5 Ba6 34. Rc1 $18) 30. dxc6 Qd1 31. Re1 Qd6 32. Qc3 $1 (32.
Ra5 Qd2) 32... Qd5 33. c7 Bb7 34. Ra5 Ne4 35. Rxd5 Nxc3 36. Rd3 Na2 37. Rxb3
Bc8 38. Bc4 $1 g6 39. Ra3 c1=Q 40. Rxc1 Nxc1 41. Rc3 Re8 42. Rxc1 Re7 43. Bf1 {
Ftacnik,L} 1-0

[Event "Hoogeveen Essent Crown 11th"]
[Site "Hoogeveen"]
[Date "2007.10.19"]
[Round "5"]
[White "Van Wely, Loek"]
[Black "Andriasian, Zaven"]
[Result "1-0"]
[WhiteElo "2680"]
[BlackElo "2546"]
[Annotator "Ftacnik,L"]
[PlyCount "105"]
[EventDate "2007.10.14"]
[EventType "tourn"]
[EventRounds "6"]
[EventCountry "NED"]
[EventCategory "17"]
[SourceTitle "CBM 121"]
[Source "ChessBase"]
[SourceDate "2007.11.14"]
[SourceVersion "1"]
[SourceVersionDate "2007.11.14"]
[SourceQuality "1"]

1. d4 d5 2. c4 c6 3. Nc3 Nf6 4. e3 e6 5. Nf3 Nbd7 6. Bd3 dxc4 7. Bxc4 b5 8. Bd3
Bd6 {A very fresh and modern approach; Black can in fact postpone the
development of the light-squared bishop till later.} 9. O-O O-O 10. e4 e5 11.
Ne2 Bb7 (11... Re8 12. Bg5 h6 13. Bh4 exd4 14. Nexd4 Bb7 15. Nf5 Bf8 16. Re1
Nc5 17. Re3 Ncxe4 (17... g5 18. Nxg5 $1 $16) 18. Rxe4 Rxe4 19. Bxf6 Qxf6 20.
Bxe4 Qxb2 21. Qd4 {1-0 Korotylev,A (2615)-Sedlak,N (2561)/Moscow 2007/ (29)})
12. Qc2 (12. Bg5 Re8 13. Rc1 Rc8 14. Kh1 exd4 15. Nexd4 g6 16. Qd2 Bf8 17. Rfe1
Qb6 18. h3 a6 19. e5 c5 20. Nf5 Nh5 21. N5h4 Bg7 22. Bxg6 hxg6 23. Qxd7 $16 {
1/2 Korotylev,A (2546)-Beshukov,S (2507)/Biel 2003/ (31)}) 12... Re8 13. Bg5 {
Nobody really knows how to beat the flexible black system, Van Wely develops
the pieces.} h6 (13... c5 14. dxe5 Nxe5 15. Bxb5 Bxe4 16. Qxe4 Nxe4 17. Bxd8
Rexd8 18. Nxe5 Bxe5 19. Bc6 Nd2 20. Bxa8 Nxf1 21. Kxf1 Rxa8 22. Rc1 Rd8 23. f4
Bxb2 24. Rxc5 g6 {0-1 Marichal,A (2010)-Abreu,A (2320)/Cuba 1997/ (57)}) 14.
Bh4 Qb6 (14... c5 $5 15. dxc5 (15. Bxf6 Qxf6 16. Bxb5 exd4 17. Bxd7 Bxe4 18.
Qd2 Re7 19. Bg4 Qg6 20. Nfxd4 cxd4 21. Bh3 d3 $17) 15... Nxc5 16. Bxb5 Bxe4 17.
Qc3 $11) 15. a4 a6 (15... exd4 16. Nexd4 Bb4 (16... c5 $2 17. a5 Qd8 18. Nxb5
$16) 17. Bg3 $14) (15... c5 16. Bxf6 Nxf6 17. a5 Qc6 18. a6 $1 Bxa6 19. dxc5
$16) 16. Rad1 $2 (16. dxe5 Nxe5 17. Bxf6 gxf6 $13) 16... Rac8 $2 {The weak
spot of this game: both players have ignored Black's golden possibility to
exchange pawns on d4 and play for an advantage.} (16... exd4 $5 17. Nfxd4 (17.
Nexd4 c5 18. Nf5 Bf8 $17) 17... c5 18. Nf5 Bf8 19. Nc3 c4 20. Be2 Nxe4 21. Rxd7
Nxc3 22. Qxc3 Rxe2 23. Be7 Qg6 24. Rxb7 Qxf5 $17) 17. dxe5 Nxe5 (17... Bxe5 18.
Nxe5 Rxe5 19. Nc3 $14) 18. Bxf6 gxf6 (18... Nxf3+ $6 19. gxf3 gxf6 20. Kh1 $16)
19. Nh4 $1 {White may not dominate the center, but now his chances are
enhanced by Black's miserable pawn structure around the king.} c5 20. Nc3 c4 (
20... Nxd3 21. Rxd3 $40) (20... b4 21. Nd5 Bxd5 22. exd5 c4 23. Bf5 $16) 21.
Be2 bxa4 $6 (21... Bf8 $1 22. axb5 axb5 23. Nf5 Ng6 24. Bf3 $14) 22. Nxa4 Qb4 (
22... Qc7 $5 23. Nc3 Ng6 24. Nf5 Bxh2+ 25. Kh1 Be5 26. Nd5 $16) 23. Nc3 Bf8 24.
Nf5 Red8 (24... Nd3 25. Bxd3 cxd3 26. Qxd3 Bxe4 27. Qg3+ Kh8 28. Rd4 Qc5 29.
Nxh6 Bxh6 30. Rxe4 $16) 25. Nd5 $1 {Finally Van Wely has managed to achieve
the dream location for both of his knights.} Bxd5 26. exd5 Rc5 (26... Qb3 27.
Qd2 (27. Qe4 Qxb2 28. Rb1 Qa3 29. Rfd1 c3 $132) 27... Rc5 28. d6 Nd3 $16) 27.
d6 Qb3 28. Qe4 Qb5 (28... Qxb2 29. f4 Nd3 (29... Ng6 30. Bxc4 Qb6 31. Kh1 $18)
30. Bxd3 cxd3 31. Rxd3 $18) 29. f4 Ng6 (29... Nc6 30. g4 $16) 30. g4 $1 {
[%mdl 32] An excellent move that plays for total domination. Andriasian has to
live with two pieces locked on the kingside and the white passed pawn on d6.}
Qb6 (30... h5 31. b4 Qxb4 (31... Re8 32. Ne7+ Bxe7 33. d7 Rd8 34. bxc5 $18) 32.
gxh5 Nh8 33. Ne7+ Kg7 34. Kh1 $18) 31. Kh1 Qc6 (31... Bxd6 32. Rxd6 Rxd6 33.
Qe8+ Nf8 34. Nxh6+ Kg7 35. Qxf7+ Kxh6 36. Rf3 $18) 32. Bf3 Qxe4 33. Bxe4 Rb5 (
33... c3 34. bxc3 Rc4 35. Bb7 Rxf4 36. Rxf4 Nxf4 37. Bxa6 $18) 34. Rd2 Rb4 (
34... Rb6 35. d7 $18) 35. Bd5 a5 (35... Bxd6 36. Nxd6 Rxd6 37. Bxf7+ Kxf7 38.
Rxd6 $18) 36. h4 c3 {For better or worse Black has to execute this rotten
trade of pawns, otherwise the end would come very quickly.} (36... a4 37. h5
Nh8 38. Ne7+ $1 Kg7 (38... Bxe7 39. dxe7 Re8 40. Re1 c3 41. bxc3 Rb6 42. Bc6
Rxc6 43. Rd8 $18) 39. Nc6 $18) 37. bxc3 Rxf4 38. Rxf4 Nxf4 39. Bc6 Ne6 (39...
h5 40. gxh5 Nxh5 41. c4 $18) 40. c4 Nc5 41. Rd5 Ne6 42. Bb5 {The black knight
is out, but White now enjoys two connected passed pawns.} (42. c5 Kh7 43. Ba4
Nxc5 44. Rxc5 Bxd6 45. Rxa5 $18) 42... Nf4 43. Rd1 Ne6 44. Kg2 Nc5 45. Rd5 Ne4
(45... Nb3 46. c5 $18) 46. d7 (46. c5 Nc3 47. Bc4 Nxd5 48. Bxd5 $18) 46... a4 (
46... Nc3 47. Rd3 Nxb5 48. cxb5 a4 49. b6 a3 50. b7 a2 51. Rd1 Rxd7 52. Rxd7
a1=Q 53. b8=Q $18) 47. Bxa4 Nc3 48. Bc6 $1 (48. Ra5 Nxa4 49. Rxa4 Rxd7 50. Ra8
Rc7 51. Ne3 $16) 48... Nxd5 49. cxd5 {A charming study like situation; the
white pieces are dominating the board and the black pieces.} Kh7 (49... Bc5 50.
Nxh6+ Kf8 51. Nf5 Rb8 52. d6 $18) 50. d6 Kg6 51. h5+ Kg5 52. Kf3 Rb8 53. Bb7 (
53. Bb7 Rd8 54. Bc8 $18) 1-0

[Event "Madrid"]
[Site "Madrid"]
[Date "1992.??.??"]
[Round "4"]
[White "Karpov, Anatoly"]
[Black "Polgar, Zsuzsa"]
[Result "1-0"]
[WhiteElo "2725"]
[BlackElo "2530"]
[Annotator "Ftacnik,L"]
[PlyCount "113"]
[EventDate "1992.05.??"]
[EventType "tourn"]
[EventRounds "9"]
[EventCountry "ESP"]
[EventCategory "13"]
[SourceTitle "CBM 030"]
[Source "ChessBase"]
[SourceDate "1992.10.01"]
[SourceVersion "1"]
[SourceVersionDate "1992.10.01"]
[SourceQuality "1"]

1. d4 d5 2. c4 c6 3. Nc3 Nf6 4. e3 e6 5. Nf3 Nbd7 6. Qc2 Bd6 7. Be2 O-O 8. O-O
dxc4 9. Bxc4 a6 10. Rd1 b5 11. Bf1 c5 12. dxc5 Bxc5 13. Ng5 Bb7 14. Nce4 Nxe4 (
14... Rc8 $2 15. Nxf6+ $18) 15. Nxe4 Be7 16. Nd6 Bd5 (16... Bxd6 17. Rxd6 Bd5
18. e4 Rc8 19. Qd1 Bc6 20. Be3 $16) 17. e4 Bxd6 18. exd5 Rc8 (18... e5 19. a4
$14) 19. Qe2 exd5 20. Rxd5 Nf6 21. Rd3 Qc7 22. g3 Bc5 23. Be3 Bxe3 24. Rxe3
Rfe8 25. Rd1 h6 26. a3 Rxe3 27. Qxe3 Ng4 28. Qe4 Ne5 29. Rd5 Nc4 30. Qd4 Re8
31. Rc5 Nd2 $5 (31... Qe7 32. Bxc4 bxc4 33. Qxc4 $18) 32. Rxc7 Nf3+ 33. Kg2
Nxd4 34. Rd7 Nc6 35. Rd6 Re6 36. Rxe6 fxe6 37. Kf3 $16 Kf7 38. Ke4 Ke7 39. a4
Na7 (39... bxa4 40. Bxa6 Na7 41. Bd3 Kd6 42. Bc2 $18) 40. axb5 axb5 41. f4 Kd6
42. Bd3 Kd7 43. Be2 Kd6 44. Bf1 Kd7 45. f5 $1 Kd6 (45... exf5+ 46. Kxf5 Ke7 47.
Kg6 Kf8 48. Be2 $16) 46. fxe6 Kxe6 47. Bh3+ Kd6 48. Kf5 g5 49. Kg6 Ke7 50. Kxh6
Kf6 51. Bd7 Ke7 52. Bxb5 $1 Nxb5 53. Kxg5 Kf7 54. Kh6 Nd4 55. g4 Nf3 56. h3 Kf6
57. b4 {Ftacnik,L} 1-0

[Event "Candidates qf4"]
[Site "Brussels"]
[Date "1991.??.??"]
[Round "8"]
[White "Karpov, Anatoly"]
[Black "Anand, Viswanathan"]
[Result "1-0"]
[WhiteElo "2730"]
[BlackElo "2650"]
[Annotator "Ftacnik,L"]
[PlyCount "63"]
[EventDate "1991.08.??"]
[EventType "match"]
[EventRounds "8"]
[EventCountry "BEL"]
[SourceTitle "Candidates"]
[Source "ChessBase"]
[SourceDate "1999.07.01"]
[SourceVersion "2"]
[SourceVersionDate "1999.07.01"]
[SourceQuality "1"]

1. d4 {Hansen,Cu} d5 2. c4 c6 3. Nf3 Nf6 4. Nc3 e6 5. e3 Nbd7 6. Qc2 (6. Bd3
Bb4 7. a3 Ba5 8. O-O O-O 9. Qc2 dxc4 10. Bxc4 Bc7 11. Ba2 e5 12. h3 h6 13. e4
Re8 14. Be3 Nh5 $6 15. Rad1 exd4 16. Bxd4 $1 Qe7 17. e5 $1 Nf8 $2 18. Nb5 $1
$18 {Kasparov,G-Van der Wiel,J/Bruxelles/1987/}) 6... Bd6 7. Be2 O-O 8. O-O
dxc4 9. Bxc4 Qe7 10. a3 e5 11. h3 Bc7 12. Ba2 h6 $6 (12... exd4 13. exd4 Qd6 (
13... Nb6 14. Re1 Qd6 15. Bg5 Nbd5 16. Rad1 g6 17. Qc1 Bf5 $2 18. Nxd5 Nxd5 19.
Bxd5 $1 Qxd5 20. Be7 $18 {Van der Sterren,P-West,G/Sydney Mercantile/1991/})
14. Bg5 Nb6 15. Rae1 Nbd5 16. Re2 Be6 17. Rfe1 Nxc3 18. bxc3 Bxa2 19. Qxa2 b5
$14 {Gurevich,M-Petursson,M/Moskva/1987/}) 13. Nh4 $1 Re8 (13... exd4 14. Nf5
Qe5 15. f4 Qe8 16. Nxd4 $14) 14. Nf5 Qf8 15. Nb5 $1 Bb8 (15... cxb5 16. Qxc7
$16) 16. Bd2 a5 (16... cxb5 17. Bb4 $18) (16... exd4 17. Nbxd4 $14 (17. exd4 a5
18. Nc3 $36)) 17. dxe5 Bxe5 $6 (17... Nxe5 18. Nbd4 $14) (17... Nxe5 {Hansen,Cu
}) 18. f4 Bb8 (18... cxb5 19. fxe5 Rxe5 20. Bc3 Re8 21. Nxh6+ gxh6 22. Qg6+ Kh8
23. Rxf6 $1 $18) (18... Bxb2 19. Nbd6 Bxa1 20. Bxf7+ Kh8 21. Nh4 $18) 19. Nc3
Rd8 (19... Ba7 20. Kh1 Kh8 21. e4 $40) (19... Nc5 20. Nxh6+ gxh6 21. Qg6+ Qg7
22. Bxf7+ Kf8 23. Qxg7+ (23. Bxe8 {Hansen,Cu} Nxe8 24. Qh5 $16) 23... Kxg7 24.
Bxe8 Nxe8 25. e4 $16) 20. Be1 (20. e4 Nc5 21. e5 Rxd2 (21... Nfe4 22. Nxe4 Nxe4
23. Qxe4 Rxd2 $14) (21... Bxf5 22. Qxf5 Rxd2 23. exf6 Nd7 $1 24. fxg7 Qxg7) 22.
Qxd2 Nfe4 23. Nxe4 Nxe4 24. Nxh6+ gxh6 25. Qe1 $13) 20... Nh7 21. Bh4 Ndf6 22.
Rad1 Rxd1 (22... Ba7 $2 23. Nxh6+ gxh6 24. Qg6+ Kh8 25. Bxf6+ $18) 23. Rxd1 Be6
$2 (23... Ba7 24. Nxh6+ gxh6 25. Qg6+ Kh8 26. Bxf6+ $18) (23... Bxf5 24. Qxf5
Ba7 25. Bf2 Re8 26. e4 Bxf2+ 27. Kxf2 $16) 24. Bxe6 fxe6 25. Qb3 Qe8 (25... Nd5
26. Ne7+ Nxe7 27. Qxe6+ Qf7 28. Rd8+ Nf8 29. Qxe7 $18) (25... Qf7 26. Rd8+ Nf8
27. Nd6 Qe7 28. Nxb7 $18) 26. Nxg7 $1 Qf7 (26... Kxg7 27. Qxb7+ Bc7 28. Qxc7+
$18) 27. Nxe6 Ba7 28. Bf2 Re8 29. Nd4 Qxb3 30. Nxb3 Bxe3 31. Bxe3 Rxe3 32. Nxa5
{Ftacnik,L} 1-0

[Event "Jermuk FIDE GP"]
[Site "Jermuk"]
[Date "2009.08.21"]
[Round "11"]
[White "Akopian, Vladimir Eduardovic"]
[Black "Aronian, Levon"]
[Result "1/2-1/2"]
[WhiteElo "2712"]
[BlackElo "2768"]
[Annotator "Ftacnik,L"]
[PlyCount "80"]
[EventDate "2009.08.09"]
[EventType "tourn"]
[EventRounds "13"]
[EventCountry "ARM"]
[EventCategory "19"]
[SourceTitle "CBM 132"]
[Source "ChessBase"]
[SourceDate "2009.09.16"]
[SourceVersion "1"]
[SourceVersionDate "2009.09.16"]
[SourceQuality "1"]

1. d4 Nf6 2. c4 e6 3. Nf3 d5 4. Nc3 c6 5. e3 Nbd7 6. Qc2 Bd6 7. Bd3 O-O 8. O-O
dxc4 9. Bxc4 b5 10. Be2 Bb7 11. Rd1 Qc7 12. e4 e5 13. dxe5 Nxe5 14. Nd4 Ned7
15. g3 Rfe8 {Black has a clear task ahead of him: complete his development.
Any other activities would turn out to be premature.} (15... b4 16. Na4 Rfe8
17. Nf5 Bf8 18. Bf4 Qa5 19. f3 Nb6 20. Nxb6 axb6 21. Nd6 Bxd6 22. Rxd6 $16 {
1-0 Adorjan,A (2505)-Piket,J (2495)/Novi Sad 1990 (61)}) 16. a3 {The
acceptance of the pawn sacrifice is quite risky; analysis suggests that
holding back is better.} (16. Bxb5 $6 cxb5 17. Ndxb5 Bxe4 18. Nxc7 Bxc2 19.
Rxd6 Re1+ 20. Kg2 Rc8 21. Rd2 Bg6 22. N7b5 Ne5 $1 (22... a6 23. Nd4 Nc5 24. Re2
$14 {1-0 Bu Xiangzhi (2569)-Zvjaginsev,V (2671)/Moscow 2003 (51)}) 23. Nxa7 Re8
24. b4 Bh5 25. g4 (25. Bb2 Bf3+ 26. Kh3 g5 27. Rxe1 g4+ 28. Kh4 h6 $19) 25...
Bxg4 26. Bb2 Bf3+ 27. Kh3 Rxa1 28. Bxa1 g5 $17) 16... a6 17. Nf5 Be5 18. Bf3 {
Gaining an advantage against the perfectly coordinated black pieces is rather
problematic.} (18. Be3 c5 (18... Bxc3 19. Qxc3 Rxe4 20. Rd2 c5 (20... Re5 21.
Bf4 Ne4 22. Bxe5 Nxe5 23. Rd7 $1 Qxd7 24. Qxe5 Nf6 25. Nxg7 $1 Kxg7 26. Qg5+
Kf8 27. Qxf6 $16) 21. Rad1 Rd8 22. f3 (22. Bg5 $14) 22... Ree8 23. Bf4 Qc6 24.
Qa5 Ra8 25. Rd6 $14) 19. Nd5 Nxd5 20. exd5 c4 $11) 18... g6 19. Nh6+ Kg7 20.
Bg5 (20. Ng4 Nxg4 21. Bxg4 Nf6 22. Bf3 c5 23. Be3 $11) 20... c5 21. Ng4 {
The retreat of the knight from the edge of the board is certainly desirable,
but White is inadvertently exposing himself to serious risk. The most sensible
choice would seem to be the modest retreat of the bishop in order to benefit
from the mobility of the kingside pawns.} (21. Nd5 Nxd5 22. exd5 f6 23. Be3 Bd6
$11) (21. Bg2 $5 c4 22. f4 Qb6+ 23. Kf1 (23. Kh1 Bxc3 24. Qxc3 Nc5 25. Bxf6+ (
25. Ng4 $2 Ncxe4 $19) 25... Qxf6 26. Qxf6+ Kxf6 27. e5+ Kg7 28. Bxb7 Nxb7 29.
Ng4 Nc5 $15) 23... Bb8 $1 24. Qf2 (24. e5 $2 Ba7 $19) 24... Qxf2+ 25. Kxf2 Nc5
(25... Ba7+ 26. Kf1 Nc5 27. e5 $14) 26. Bxf6+ Kxf6 27. e5+ Kg7 28. Bxb7 Nxb7
29. Ng4 Nc5 $11) 21... Nxg4 (21... c4 22. Nxe5 (22. a4 b4 23. Nd5 Bxd5 24. exd5
Nxg4 25. Bxg4 b3 $17) 22... Nxe5 23. Be2 Neg4 24. Qd2 Qe5 $11) 22. Bxg4 f5 $5 {
[%mdl 128] It is nearly impossible to award a correct value sign to this move.
Aronian is not afraid of the risk and begins a fascinating concept.
Objectively the strongest move might have been the move of the knight to f6.} (
22... Bd4 23. Nxb5 $1 (23. Nd5 Qe5 (23... Qd6 24. Bxd7 Qxd7 25. Bf6+ $1 $16) (
23... Bxd5 24. Rxd4 Be6 25. Bxe6 Rxe6 26. Rd5 $14) 24. Bxd7 Qxg5 25. Bxe8 Rxe8
26. Rxd4 (26. a4 Bxd5 27. exd5 Qxd5 $44) 26... cxd4 27. f4 Qh5 28. Qd3 Bxd5 29.
Qxd4+ Kg8 30. Qxd5 Qe2 $11) 23... axb5 24. Rxd4 Ne5 25. Be2 Nc4 26. Rxc4 $1
bxc4 27. f3 $14) (22... Nf6 23. Bxf6+ Bxf6 24. Rd7 Qb6 $11) 23. exf5 (23. Bf3
Bxc3 (23... h6 24. Bxh6+ Kxh6 25. Qd2+ g5 26. h4 Rad8 27. Qxg5+ Kh7 28. Qxf5+
Kh8 29. Qh5+ Kg8 $11) 24. Qxc3+ Ne5 25. Bg2 fxe4 26. Rac1 c4 27. Bf4 Kg8 28. b3
$11) 23... Bd4 $1 (23... Qc6 $2 24. Rxd7+ $1 Qxd7 25. f6+ $18) 24. f6+ $5 {
It was extremely difficult for White to resist such an attractive check. If he
could have judged all the risks involved Akopian would probably have chosen a
slightly more peaceful, but also sufficiently impressive solution in the form
of a knight move to the centre.} (24. Nxb5 $2 Qc6 $19) (24. Nd5 $1 Qc6 (24...
Qd6 25. Rxd4 $1 cxd4 26. Nc7 Rec8 27. Bf4 Qd5 (27... Ne5 28. Qe2 $1 Re8 29.
Ne6+ $18) 28. f3 (28. Nxd5 Rxc2 29. Nc7 h5 (29... Rg8 $2 30. fxg6 Nf6 31. Ne6+
Kxg6 32. Bf5+ Kxf5 33. Nxd4+ Ke4 34. Nxc2 $16) 30. Bh3 g5 31. Ne6+ Kg8 32. Nxd4
Rc4 33. Be3 Ne5 $11) 28... Nf6 29. Rc1 Nxg4 30. Nxd5 Rxc2 31. Rxc2 Bxd5 32.
Rc7+ Kf6 33. fxg4 Bf3 34. fxg6 Kxg6 $14) 25. Rxd4 cxd4 26. Qxc6 Bxc6 27. Nc7
Ne5 28. Nxe8+ Rxe8 29. Rc1 d3 30. Kf1 Nxg4 31. Rxc6 Re2 32. f6+ Kf7 33. Rc7+
Kf8 34. h3 Rxf2+ 35. Kg1 Rf5 $11) 24... Kh8 (24... Nxf6 $2 25. Bxf6+ Kxf6 (
25... Bxf6 26. Rd7+ $18) 26. Rxd4 $1 cxd4 27. Nd5+ Bxd5 28. Qxc7 $18) 25. Rxd4
$2 {In the most critical moment White has become afraid, that he may not get
away from the opponent's mating attack. The only correct solution was to be
consistent and continue with the attractive idea of counterplay with 25.f7!
till the end.} (25. f7 $1 Qc6 (25... Rf8 $2 26. Ne4 Qe5 27. Rxd4 Qxd4 (27...
cxd4 28. Bxd7 Rxf7 (28... Bxe4 29. Qxe4 Qxe4 30. Bf6#) 29. Bc6 Qc7 (29... Rc8
30. Qb3 $18) 30. Rc1 $18) 28. Rd1 Bxe4 29. Qe2 Qc4 30. Rxd7 h5 31. Qe3 hxg4 32.
Bf6+ Kh7 33. Qg5 $18) 26. fxe8=Q+ Rxe8 27. Ne4 Rxe4 28. Bf3 Re1+ 29. Rxe1 Qxf3
30. Re8+ Kg7 31. Kf1 Qg2+ 32. Ke1 Bf3 (32... Qh1+ 33. Kd2 Qxa1 (33... Qd5 34.
f4 Bxb2+ 35. Qd3 Qxd3+ 36. Kxd3 Bxa1 37. Re7+ Kg8 38. Rxd7 $16) 34. Re7+ Kg8
35. Rxd7 $16) 33. Rd1 $1 Qh1+ 34. Kd2 Bxd1 35. Qxd1 Qd5 36. h4 Ne5 37. Re7+ Kf8
38. Kc2 Qe4+ 39. Kb3 Qd5+ $11) 25... cxd4 26. f7 Qc6 $1 {The key moment for
Black has arrived. Aronian will very logically exploit the central attacking
idea of the attack along the a8-h1 diagonal.} (26... Re5 27. Bxd7 (27. Bf4 $2
Nf6 28. Bxe5 Qxe5 $19) 27... Rxg5 28. Qd2 $1 Qxd7 29. Qxg5 Qxf7 30. Ne4 Bxe4
31. Qe5+ Kg8 32. Qxe4 $11) 27. fxe8=Q+ Rxe8 28. f3 h5 $1 29. Qf2 {White is now
forced to drink the bitter lees of the glass he poured for himself with his
halfhearted play. All the defensive ideas endi in unhappy positions; the
choice of move must have been very difficult.} (29. Bxd7 Qxf3 30. Bf6+ Kh7 31.
Bxe8 Qh1+ 32. Kf2 Qxh2+ 33. Ke1 Qxc2 34. Bxd4 Qd3 35. Bf2 Bg2 36. Ne2 Qe4 $19)
(29. Bh3 Ne5 $1 30. Bg2 Nxf3+ 31. Kh1 Ne1 $1 32. Bxc6 Bxc6+ 33. Qe4 Bxe4+ 34.
Nxe4 Rxe4 35. Bf6+ Kg8 36. Rd1 Re2 $1 37. Bxd4 Nf3 38. Bg1 Rxb2 $17) (29. Qd2
hxg4 30. Ne4 Kg8 31. Rc1 Qe6 (31... Qd5 32. Bf6 gxf3 33. Qh6 Kf7 34. Qg7+ $11)
32. Bf4 Bxe4 33. fxe4 Qxe4 34. Rd1 Qd5 35. Qd3 Re6 $17) 29... hxg4 30. Qxd4+ {
Somewhat more of a choice was preserved by the move of the knight to e4, but
the game could not have been saved.} (30. Ne4 Kg8 $1 31. Rc1 Qd5 $1 32. Rd1 (
32. Rc5 Qe6 33. Rc7 gxf3 34. Rxb7 Qxe4 35. Rxd7 Qb1+ 36. Qf1 f2+ 37. Kxf2 Qf5+
38. Bf4 Qxd7 $19) 32... Rxe4 33. fxe4 Qxe4 34. Kf1 Qh1+ 35. Qg1 Qf3+ 36. Ke1
Qe4+ 37. Kf1 (37. Kd2 Nc5 $19) (37. Kf2 Nc5 38. Qf1 d3 $19) 37... Ne5 38. Rxd4
Qb1+ 39. Kf2 Qxg1+ 40. Kxg1 Nf3+ $19) 30... Kg8 31. Ne4 (31. Rd1 Qxf3 32. Nd5
Re2 33. Ne7+ Kh7 $19) 31... gxf3 $2 {Black's disappointment after the game
must have been enormous. His only weak move has thrown away a very attractive
game with fascinating content. It is impossible to guess, what was disturbing
him after the obvious crowning of the concept with 31...Ne5!} (31... Ne5 $1 32.
Nf6+ (32. Kf2 Nxf3 33. Rc1 Qxe4 34. Qxe4 Bxe4 $19) (32. Rf1 Nxf3+ 33. Rxf3 Rxe4
34. Rf8+ Kxf8 35. Qh8+ Kf7 36. Qh7+ Ke8 37. Qg8+ Kd7 38. Qd8+ Ke6 39. Qf6+ Kd5
$19) 32... Kf7 33. Qc3 Nxf3+ 34. Kf2 Qb6+ 35. Be3 Qxf6 $19) 32. Nf2 Nc5 (32...
Re2 33. Rd1 Qb6 34. Qxb6 Nxb6 35. h4 $11) 33. Bh6 Re7 34. Rf1 (34. Qd8+ Qe8 35.
Qxe8+ Rxe8 36. b4 Nd7 37. Ng4 $11) 34... Ne4 {The lion's share of the
advantage is gone and a frustrated Aronian is ready to settle for a draw.} 35.
Nxe4 Qxe4 36. Qxe4 Bxe4 37. Re1 Kf7 38. Bg5 Re6 39. Kf2 Ba8 40. Rxe6 Kxe6
1/2-1/2

[Event "Hoogovens"]
[Site "Wijk aan Zee"]
[Date "1992.01.??"]
[Round "5"]
[White "Epishin, Vladimir"]
[Black "Brenninkmeijer, Joris"]
[Result "1-0"]
[WhiteElo "2620"]
[BlackElo "2500"]
[Annotator "Ftacnik,L"]
[PlyCount "91"]
[EventDate "1992.01.??"]
[EventType "tourn"]
[EventRounds "13"]
[EventCountry "NED"]
[EventCategory "14"]
[SourceTitle "CBM 028"]
[Source "ChessBase"]
[SourceDate "1992.06.01"]
[SourceVersion "1"]
[SourceVersionDate "1992.06.01"]
[SourceQuality "1"]

1. d4 Nf6 2. c4 c6 3. Nc3 d5 4. Nf3 e6 5. e3 Nbd7 6. Qc2 Bd6 7. Be2 O-O 8. O-O
dxc4 9. Bxc4 a6 10. Rd1 Qc7 11. Ne4 $1 {N} (11. e4) 11... Nxe4 12. Qxe4 e5 (
12... c5 13. Bd3 Nf6 14. Qh4 $14) 13. Qh4 Nf6 14. e4 (14. dxe5 Bxe5 15. Nxe5
Qxe5 $10) 14... exd4 15. e5 $1 Bxe5 16. Re1 (16. Bd3 $1 Re8 17. Re1 Bg4 18. Bg5
Bxf3 19. Bxf6 gxf6 20. Qxh7+ Kf8 21. gxf3 f5 22. Kh1 Bf6 23. Rg1 $40) 16... Bd6
17. Bd3 Qa5 $1 $8 18. Bg5 Bf5 19. Bxf6 Bxd3 20. Bxg7 Kxg7 21. Qxd4+ Kg8 22.
Qxd6 (22. Qxd3 $2 Rfd8 23. Qe4 Bf8 $10) 22... Rad8 23. Qg3+ (23. Qe7 $5 $16)
23... Bg6 24. h4 Rfe8 25. Kh2 Kg7 26. Rad1 Rxe1 27. Rxe1 Rd5 28. a3 Qd8 29. Re5
Rxe5 30. Nxe5 h5 $6 (30... f6 31. Nc4 Kf8 $14) 31. b4 Qd4 32. Nf3 Qd7 33. Qf4
f6 34. Nd4 b6 35. Qe3 Kf7 36. Ne2 Qd6+ 37. Nf4 c5 38. bxc5 bxc5 39. Qg3 Bf5 40.
Nxh5 Qxg3+ 41. Kxg3 $1 c4 42. Kf3 c3 43. Ke3 Ke7 44. Ng3 Bh7 45. Ne2 c2 46. Kd2
{Ftacnik,L} 1-0